| 000 | 00827nam a2200217 i 4500 | ||
|---|---|---|---|
| 001 | 158251 | ||
| 003 | ES-MaACL | ||
| 005 | 20230906211056.0 | ||
| 008 | 991105s1867 sp |||| | spa d | ||
| 080 | _a34.096 Tornado | ||
| 080 | _a344.46(460) | ||
| 100 | 1 |
_aLushington, Godfrey. _9129158 |
|
| 245 | 1 | 0 |
_aCuestión del Tornado / _cpor Godfrey Lushington ; traducido del original inglés. |
| 260 |
_aMadrid : _b[s.n.], _c1867 ( _fImp. de T. Fortanet) |
||
| 300 |
_a61 p. ; _c20 cm. |
||
| 530 | _aDisponible en formato digital. | ||
| 610 | 2 | 4 |
_aTornado (Barco)- _xProcesos. _9151423 |
| 650 | 4 |
_aPresa marítima. _916376 |
|
| 852 | 4 |
_aES-MaACL _jT-94-F-3 _z- Enc. hol., falto de cub. original _z- Enc. en un vol. facticio |
|
| 856 | 4 |
_uhttp://bdh-rd.bne.es/viewer.vm?id=0000065923&page=1 _zBiblioteca Digital Hispánica |
|
| 999 |
_c158251 _d158251 |
||